Todos os times do Futebol Brasileiro - Statistics

Estatísticas Gerais
  • Esse quiz foi jogado 1 941 vezes
    1 744 desde o último reset
  • A pontuação média é 82 de 239
Estatísticas das Respostas
Sigla do Estado Time % Correto
AC | BA | ES | +5 others Atlético
89%
PE | RJ Flamengo
89%
PB | SP São Paulo
88%
RJ Fluminense
85%
PB | RJ | SP Botafogo
84%
SP Palmeiras
84%
SP Corinthians
83%
AP | SP Santos
83%
RS Grêmio
82%
RS | SC Internacional
80%
BA Bahia
79%
MG Cruzeiro
79%
MG | PE | RN América
77%
CE Fortaleza
76%
BA | ES | PE Vitória
75%
CE Ceará
74%
GO Goiás
74%
PR Coritiba
71%
PE Sport
71%
MA | RS Juventude
70%
RJ Vasco da Gama
67%
SC Chapecoense
66%
RS Brasil
65%
SC Criciúma
65%
MT Cuiabá
65%
PA Paysandu
65%
PA Remo
65%
AL CRB
64%
AL CSA
64%
PA | SP Bragantino
62%
SC Avaí
61%
SP Mirassol
61%
SP Ponte Preta
61%
PE | RN | RS Santa Cruz
61%
SP Guarani
60%
PE Náutico
59%
RJ | SP Portuguesa
59%
AC | ES | PR Rio Branco
58%
RN ABC
56%
SC Figueirense
55%
GO Vila Nova
55%
MG Villa Nova
55%
RS Caxias
54%
PR Paraná
54%
RJ Volta Redonda
54%
PR Athletico
53%
DF Brasiliense
53%
PR Londrina
52%
MS | MT | PR Operário
52%
AM Manaus
51%
SP Ituano
48%
CE | SP Ferroviário
47%
RJ Bangu
46%
SC Joinville
46%
SP Novorizontino
45%
MA Sampaio Corrêa
45%
SP São Bernardo
43%
DF Gama
42%
SP Santo André
42%
SP São Caetano
42%
AL ASA
41%
AP | RS Ypiranga
41%
SC Brusque
40%
PR Maringá
40%
MA Moto Club
40%
RS São José
40%
ES Nova Iguaçu
38%
SC Juventus
37%
MG Tombense
37%
SE Sergipe
36%
SE Confiança
34%
SP Inter de Limeira
34%
RJ Boavista
33%
RJ Madureira
33%
AM | PR Nacional
33%
TO Palmas
33%
PB Treze
33%
MT Luverdense
32%
PB Campinense
30%
MA Maranhão
30%
PE Retrô
30%
PI River
30%
PI Altos
29%
MG Uberlândia
29%
PB Sousa
28%
TO Tocantinópolis
28%
SP XV de Piracicaba
28%
GO Anápolis
27%
GO Goiânia
27%
RS Novo Hamburgo
27%
SP Oeste
27%
RS Pelotas
27%
GO Aparecidense
26%
BA Bahia de Feira
26%
CE Floresta
26%
BA Juazeirense
26%
MT Mixto
26%
PA | RR São Raimundo
26%
SP Audax
25%
AP Trem
25%
RO Porto Velho
24%
SP São Bento
24%
BA Jacuipense
23%
DF Ceilândia
22%
RN Globo
21%
GO Goianésia
21%
MG Caldense
20%
SE Itabaiana
20%
RJ Macaé
20%
MA Imperatriz
19%
AP Macapá
19%
SC Marcilio Dias
19%
RS São Luiz
19%
PR Cianorte
18%
BA Fluminense de Feira
18%
PE Salgueiro
18%
ES Serra
18%
GO Anapolina
17%
MG Boa Esporte
17%
PE Central
17%
MG Tupi
17%
RS Aimoré
16%
RS Avenida
16%
RO Barcelona
16%
MS Comercial
16%
RJ Cabofriense
15%
ES Desportiva
15%
SC Tubarão
15%
MG URT
15%
RJ Americano
14%
SC Hercilio Luz
14%
PA Independente
14%
SE Lagarto
14%
SP Marilia
14%
PE Afogados
13%
RN Potiguar
13%
RJ Friburguense
12%
AC Galvez
12%
BA Vitória da Conquista
12%
AL Coruripe
11%
RS Esportivo
11%
RO Ji-Paraná
11%
MG Patrocinense
11%
SP Red Bull
11%
PR Foz
10%
RR GAS
10%
SP Linense
10%
SP Mogi Mirim
10%
DF Real Brasilia
10%
MT Sinop
10%
RR Baré
9%
CE Caucaia
9%
GO Itumbiara
9%
AL Murici
9%
PI Parnahyba
9%
PI Picos
9%
ES Real Noroeste
9%
MT União Rond
9%
TO Gurupi
8%
PR Toledo
8%
AM Fast Clube
7%
GO Iporá
7%
PR PSTC
7%
DF Sobradinho
7%
CE Atlético Cearense
6%
PA Castanhal
6%
MS Corumbaense
6%
CE Guarany de Sobral
6%
AM Princesa do Solimões
6%
MS Águia Negra
5%
MA Cordino
5%
MT Dom Bosco
5%
ES Espirito Santo
5%
BA Jacobina
5%
DF Luziânia
5%
SC Metropolitano
5%
AC Plácido de Castro
5%
AP Santana
5%
SP Votuporanguense
5%
MS Aquidauanense
4%
CE Barbalha
4%
RS Gaúcho
4%
GO Jaraguá
4%
MT Nova Mutum
4%
PR Prudentópolis
4%
MG Tupynambás
4%
RN ASSU
3%
PR FC Cascavel
3%
SE Frei Paulistano
3%
RO Genus
3%
AM Penarol
3%
PI Quatro de Julho
3%
RO Rondoniense
3%
PB Serrano
3%
MS Sete de Setembro
3%
RO vilhenense
3%
PE Belo Jardim
2%
CE Guarani de Juazeiro
2%
AL Jaciobá
2%
PA Paragominas
2%
ES Rio Branco VN
2%
AL Santa Rita
2%
RJ Itaborai
1%
MS Novoperário
1%
TO Sparta
1%
TO Interpoto
0%
RO Real Desportivo
0%
PA São Franciso
0%
TO Tocantins de Miracema
0%
Nenhum quiz correspondente encontrado
Distribuição das Pontuações
Porcentagem de Pessoas com Cada Pontuação
Percentil de Números Respondidos
Sua Pontuação Histórica
Você não jogou esse quiz desde o último reset